| 000 | 00531pab a2200205 454500 | ||
|---|---|---|---|
| 008 | 180718b2003 xxu||||| |||| 00| 0 eng d | ||
| 100 | _aRosenthal, Cindy Simon | ||
| 245 | _aGendered discourse in the political behavior of adolescents | ||
| 260 | _c2003 | ||
| 300 | _ap.97-104. | ||
| 362 | _aMar | ||
| 650 | _aWomen | ||
| 650 | _aAdolescents | ||
| 650 | _aYouth | ||
| 650 | _aPolitical behaviour | ||
| 700 | _aRosenthal, James A. | ||
| 700 | _aJones, Jocelyn | ||
| 773 | _aPolitical Research Quarterly | ||
| 909 | _a56526 | ||
| 999 |
_c56526 _d56526 |
||